Countries With The Most Mountain Ranges - Statistics

General Stats
  • This quiz has been taken 18 times
  • The average score is 12 of 13
Answer Stats
# Country % Correct
24 China
100%
7 Mexico
100%
38 Russia
100%
29 United States
100%
8 Argentina
94%
9 Australia
94%
19 Canada
94%
8 Chile
94%
13 India
94%
6 Pakistan
94%
11 Brazil
89%
7 Iran
89%
6 Kazakhstan
78%
No matching quizzes found
Score Distribution
Percent of People with Each Score
Percentile by Number Answered
Your Score History
You have not taken this quiz